000 00678nam a2200193 i 4500
001 37559
003 ES-MaACL
005 20230906155611.0
007 t|
008 030221s1932 sp ||||1| spa d
100 0 _aEl Caballero Audaz.
_933095
245 1 0 _aEspaña se defiende
_b: (opiniones de un hombre de la calle) /
_cpor El Caballero Audaz (seud.).
260 _aMadrid :
_b[s.n.,
_c1932] (
_fImp. Sèz Hermanos)
300 _a176 p. ;
_c19 cm.
490 1 _aAl servicio del pueblo. Crónica política del mes. Año I ;
_v4
830 0 _aAl servicio del pueblo. Crónica política del mes. Año I ;
_v4
_9181725
852 _aES-MaACL
_jC-7025
999 _c37559
_d37559